| 000 | 00347nam a22001457a 4500 | ||
|---|---|---|---|
| 020 | _a81-261-2003-7 | ||
| 082 |
_a500 _bGHA/F |
||
| 100 | _aGAHALAIN, S.S | ||
| 245 | _aFUNDAMENTALS OF GENETICS | ||
| 250 | _aFIRST EDITION | ||
| 260 |
_aDELHI _bANMOL PUBLICATIONS PVT LTD _c2004 |
||
| 300 | _a587 | ||
| 650 |
_aBIOLOGY REFERENCE _zINDIA |
||
| 942 | _cBK | ||
| 999 |
_c1412 _d1412 |
||